| 000 | 00539nam a2200181Ia 4500 | ||
|---|---|---|---|
| 008 | 240925s9999 xx 000 0 und d | ||
| 020 | _a9781593374976 | ||
| 082 | _a658.82 PET | ||
| 100 | _aPeters, Paula. | ||
| 245 | 4 | _aThe Ultimate Marketing Toolkit: ads that attracts customers, brouchers that create buzz, web sites that wow. | |
| 250 | _aNA | ||
| 260 |
_aLondon: _bAdams Media Corporation _c,2006. |
||
| 300 |
_a1222p. _bN.A _fOriginal |
||
| 500 | _aIncludes Index | ||
| 600 | _aManagement | ||
| 650 | _aManagement | ||
| 942 | _cBK | ||
| 999 |
_c17874 _d17874 |
||